| 000 | 01148nam a2200325Ia 4500 | ||
|---|---|---|---|
| 001 | ebr10567052 | ||
| 003 | CaPaEBR | ||
| 006 | m u | ||
| 007 | cr cn||||||||| | ||
| 008 | 980820s1998 enk sb 000 0 eng d | ||
| 020 | _z9780761956013 | ||
| 020 | _z0761956018 | ||
| 020 | _z9780761956020 | ||
| 020 | _z0761956026 | ||
| 020 | _z9781446264485 | ||
| 040 |
_aCaPaEBR _cCaPaEBR |
||
| 035 | _a(OCoLC)797835736 | ||
| 050 | 1 | 4 |
_aBF531 _b.L87 1998eb |
| 100 | 1 | _aLupton, Deborah. | |
| 245 | 1 | 4 |
_aThe emotional self _h[electronic resource] : _ba sociocultural exploration. |
| 260 |
_aLondon ; _aThousand Oaks : _bSage, _c1998. |
||
| 300 | _avii, 195 p. | ||
| 504 | _aIncludes bibliographical references. | ||
| 533 |
_aElectronic reproduction. _bPalo Alto, Calif. : _cebrary, _d2011. _nAvailable via World Wide Web. _nAccess may be limited to ebrary affiliated libraries. |
||
| 650 | 0 | _aEmotions. | |
| 650 | 0 | _aSocial psychology. | |
| 655 | 7 |
_aElectronic books. _2local |
|
| 710 | 2 | _aebrary, Inc. | |
| 856 | 4 | 0 |
_uhttp://site.ebrary.com/lib/rucke/Doc?id=10567052 _zAn electronic book accessible through the World Wide Web; click to view |
| 999 |
_c93176 _d93176 |
||